Opposites - Statistics

General Stats
  • This quiz has been taken 101 times
  • The average score is 17 of 24
Answer Stats
Hint Answer % Correct
Yes No
98%
Asleep Awake
92%
Sad Happy
92%
Up Down
91%
Stay Go
91%
High Low
91%
Hard Soft
91%
Old Young
91%
Small Big
89%
Right Left
88%
Right Wrong
83%
Short Tall
80%
Quick Slow
78%
First Last
70%
Rough Smooth
70%
Hungry Full
64%
Fat Thin
64%
Stand Sit
59%
Give Take
56%
Stop Start
38%
Noise Silence
36%
Patience Impatience
34%
Well Ill
19%
Thirsty Hydrated
9%
No matching quizzes found
Score Distribution
Percent of People with Each Score
Percentile by Number Answered
Your Score History
You have not taken this quiz